Top 10 TikToker, die die meisten Follower haben - Deutschland - Statistiken

Allgemein
  • Dieses Quiz wurde 184 mal gespielt
    171 seit der letzten Aktualisierung
  • Das Durchschnittsergebnis liegt bei 2 aus 10
Antwortstatistiken
@ Follower TikTok User % Korrekt
@ 21,4M youneszarou
71%
@ 5,8M dalia
39%
@ 12M lisaandlena
24%
@ 9,4M falcopunch
15%
@ 3,7M lukasrieger
10%
@ 7,7M annacatify
5%
@ 13,1M condsty
5%
@ 3,8M steffen.miro
5%
@ 4,4M enyadres
3%
@ 4,5M tornado1261
3%
Keine übereinstimmenden Quizze gefunden
Verteilung der Resultate
Anzahl Personen mit jedem Resultat
Perzentil nach korrekt beantworteten Fragen
Ihre Resultats-Entwicklung
Sie haben dieses Quiz seit der letzten Aktualisierung nicht gespielt